Top 10 Länder mit UNESCO-Welterbestätten - Statistiken

Allgemein
  • Dieses Quiz wurde 166 mal gespielt
  • Das Durchschnittsergebnis liegt bei 9 aus 10
Antwortstatistiken
Anzahl Land % Korrekt
41 Deutschland
99%
48 China
95%
41 Frankreich
95%
44 Spanien
93%
23 Vereinigte Staaten
93%
51 Italien
92%
26 Russland
84%
29 Vereinigtes Königreich
76%
32 Indien
74%
33 Mexiko
71%
Keine übereinstimmenden Quizze gefunden
Verteilung der Resultate
Anzahl Personen mit jedem Resultat
Perzentil nach korrekt beantworteten Fragen
Ihre Resultats-Entwicklung
Sie haben dieses Quiz noch nicht gespielt